[Event "Match 81__120'/40"]
[Site "Zürich"]
[Date "2025.??.??"]
[Round "18"]
[White "Fidelity Excel Mach III"]
[Black "Scorpio 68000 sel. 4"]
[Result "0-1"]
[Annotator "Utzinger,K"]
[WhiteElo "2020"]
[BlackElo "2043"]
[PlyCount "115"]
[EventDate "2025.??.??"]

{[%evp 0,115,26,18,32,-7,-3,-19,27,20,30,25,22,23,17,-18,-18,-18,-9,-12,-14,-30,-23,-24,-8,-43,-9,-20,-14,-35,-23,-33,24,17,22,11,44,42,54,43,66,-49,-49,-54,-54,-88,-88,-87,-65,-69,-68,-87,-63,-81,-96,-191,-179,-179,-179,-179,-179,-187,-190,-192,-188,-221,-225,-233,-232,-357,-292,-277,-258,-258,-217,-217,-213,-250,-219,-220,-220,-220,-220,-228,-226,-225,-227,-237,-235,-235,-146,-146,-146,-146,-146,-146,-146,-146,-146,-265,-263,-322,-329,-362,-362,-535,-535,-535,-535,-535,-535,-859,-1055,-1125,-1153,-1166,-1293,-1403]} 1. d4 Nf6 {Match 120'/40 | Bediener: Rolf Bühler | Kommentator: Kurt Utzinger | 18. Partie: Schwarz (Scorpio) gewinnt | Zwischenstand: 10-8 (55,5%) für Mach III | Stand hypothetisch: 10-8 (55,5%) für Scorpio | Eröffnung: Benoni, 4.d5 exd5 5.cxd5 b5| Buchzüge: 5 von Scorpio; 5 von Mach III | Partieverlauf: So wie Weiss (Mach III) sein Spiel gegen die Benoni Struktur aufbaut, ist kein Blumentopf zu gewinnen. Dann folgt mit im 17. Zug endlich die kurze Rochade. Das erweist sich jedoch als taktischer Fehler, der verlieren sollte. Der Scorpio 68000 sel. 4 vermag die Widerlegung aber nicht zu erkennen. Ausgeglichen geht der Kampf weiter. Der Mach III kommt jedoch mit der Stellung nicht zurecht und findet keine passende Aufstellung für seine Figuren, so dass der Vorteil an den Gegner übergeht. Der nächste Fehler 21.Lh3? ruiniert dann die weisse Stellung endgültig. Obwohl das Programm von David Kittinger nicht immer die besten Züge findet, gelingt Scorpio 68000 sel. 4 durch Verlagerung des Kampfes vom Königs- an den Damenflügel ein überzeugender Sieg.} 2. c4 e6 3. g3 c5 4. d5 exd5 5. cxd5 b5 {Eine interessante Idee, die ich noch nie gesehen habe. Die erste damit gespielte Partie stammt aus der Küche des mehrmaligen Weltmeisters M. Botvinnik} 6. Bg2 d6 {***ENDE BUCH*** Stockfish 17.1 Bewertung: = 0.15(52%)/48} 7. a4 b4 8. Nd2 {***ENDE BUCH*** Stockfish 17.1 Bewertung: =+ -0.56(41%)/42} Nbd7 $15 {M. Botvinnik, damals noch nicht Weltmeister, hat sich hier für 8...g6 entschieden, erreichte eine Gewinnstellung, die er dann wieder vergab. 8...g6 ist übrigens auch die favorisierte Wahl der Engines. Allerdings verdient der Textzug keinen Tadel, Schwarz hat leichten Vorteil.} (8... g6 9. Ngf3 Ba6 10. Qc2 Bg7 11. Nc4 O-O 12. O-O Re8 13. Ne1 Bxc4 14. Qxc4 Nbd7 15. a5 Qe7 16. Nd3 Ne5 17. Nxe5 Qxe5 18. Bf4 Qe7 19. Qa6 Rad8 20. Rae1 Ng4 21. h3 Ne5 22. Bc1 Qc7 23. Bg5 Rc8 24. f4 Nd7 25. b3 h6 26. Bh4 Bc3 27. Rd1 c4 28. Qxc4 Qxa5 29. Qd3 Qc5+ 30. Kh1 Re3 31. Qa6 Bf6 32. Bxf6 Nxf6 33. Rf3 Rce8 34. Qc6 Rxe2 35. Qxc5 dxc5 36. d6 Re1+ 37. Rf1 Rxd1 38. Rxd1 Rd8 39. Bc6 Kf8 40. Kg2 Ne8 41. d7 Nf6 42. Ba4 $6 Ke7 43. Re1+ Kf8 44. Rd1 Ke7 45. Re1+ Kd6 46. Re8 Kc7 47. Re7 a5 48. Kf3 $2 Nd5 $2 {vergibt den Sieg.} 49. Re5 Kd6 50. Re8 Kc7 51. Re5 {½-½ (51) Ragozin,V-Botvinnik,M Sverdlovsk 1943}) 9. e4 Ne5 $6 {Nicht optimal gespielt. Es sind nur allgemeine strategische Kenntnisse erforderlich, um zu erkennen, dass 9...g6 stark ist. Der sich dann auf g7 platzierende Läufer steht auf der dunklen Diagonale mächtig.} 10. Ndf3 $15 {Nur die übermächtigen Engines können zur Auffassung gelangen, dass der paradoxe Zug 10.Lf1 die beste Wahl wäre. Nach dem Textzug steht Schwarz gemäss den Engines leicht besser.} Nxf3+ 11. Bxf3 $2 $17 {Danach steht Schwarz besser. Die Engines bevorzugen 11.Sxf3, weil sie sehen (können), dass 11...Sxe4 zu weissem Vorteil führt.} a5 {So wahrt Schwarz noch Vorteil. Aber deutlich stärker war 11...g6 mit gemäss meiner Engine schon fast entscheidendem Vorteil.} ({PROMENADE-bmi2:} 11... g6 {-1.86(2%)/54} 12. Qe2 Qe7 13. Bf4 Nd7 14. a5 Bg7 15. Bg2 O-O 16. Nf3 Nb8 17. O-O Ba6 18. Qc2 Bxf1 19. Rxf1 Nd7 20. Nd2 Ne5 21. a6 Rab8 22. b3 Rb6 23. Qa2 c4 24. bxc4 Qc7 25. Be3 Rbb8 26. Qb3 Ng4 27. Bf4 Bc3 28. Nb1 Be5 29. Nd2 Rfe8 30. Qc2 Bc3 31. Nb1 Ne5 32. Rc1 Bd4 33. Nd2 Rb6 34. Nb3 Bc3 35. Be3 Rxa6 36. c5 dxc5 37. Bxc5 Rb8 38. f4 Nd7 39. d6 Rxd6 40. Bxd6 Qxd6 41. Kh1 Qb6 42. e5 a5 43. Rd1 Nf8 44. Qa2 Rd8 45. Rb1 Qe3 46. Nxa5 {[%eval -186,54] [%wdl 0,34,966]}) 12. Be3 (12. h4 $5 {ist eine interessante Idee, um} g6 {mit} 13. h5 {zu bekämpfen und falls} Bg7 14. h6 $11) 12... Bb7 $2 $11 {Auf dieser Diagonale hat der Läufer nichts verloren, stösst er doch auf Granit. Jedenfalls geht Schwarz damit seines ganzen Vorteils verlustig.} ({Stockfish 17.1 BMI2:} 12... g6 {-2.01(1%)/50} 13. h4 Qe7 14. Kf1 Bg7 15. Qc2 Ng4 16. Bxg4 Bxg4 17. Kg2 O-O 18. Re1 h5 19. f3 Bc8 20. Ne2 Ba6 21. Qd2 Rfe8 22. Nf4 Rab8 23. Rhg1 Qe5 24. Rb1 c4 25. Qf2 c3 26. b3 Rbc8 27. Rbc1 c2 28. Rxc2 Rxc2 29. Qxc2 Qc3 30. Qxc3 bxc3 31. Kf2 Rb8 32. Rb1 c2 33. Rg1 Rxb3 34. Rc1 Rc3 35. Ng2 Rc4 36. Ne1 Bc3 37. Nd3 Rc8 38. Ne1 f6 39. g4 hxg4 40. fxg4 Rc4 41. Kf3 Rxa4 42. g5 fxg5 43. Bxg5 Bxe1 44. Rxe1 Rc4 45. Bf4 Rc3+ 46. Kf2 {[%eval -201,50] [%wdl 0,12,988]}) 13. Ne2 $17 (13. Be2 $1 {Die Idee, den Läufer auf diese Diagonale zu bringen, Lb5+ zu ermöglichen und den e4-Bauern stehen zu lassen, muss man zuerst einmal finden. Bestimmt keine für unser Oldies zu lösende Aufgabe.} Be7 (13... Nxe4 $2 {verliert} 14. Bb5+ Ke7 15. Qf3 Bxd5 16. O-O-O Bb7 (16... Nf6 17. Rxd5 $18) 17. Nh3 Qc7 18. Rhe1 $18 {und gewinnt.}) 14. Qc2 O-O 15. Nf3 Nd7 16. Rd1 Qb6 17. Nd2 Ba6 18. b3 Bxe2 19. Kxe2 Qc7 20. Nc4 Nb6 $11 {Ausgleich}) 13... Be7 $11 {Noch immer wäre Schwarz mit der Fianchettierung seines Läufers besser gefahren.} 14. Bg2 $6 $17 {Der beste Plan war:} (14. g4 Nd7 15. Ng3 g6 16. O-O O-O $15) 14... O-O 15. f3 {Sichert vorsorglich e4 und beugt dem gegnerischen ...Sg4 vor.} Qd7 $6 $11 {Schwarz findet keinen stellungsgerechten Plan und müsste sich nun mit einer ausgeglichenen Stellung zufrieden geben.} (15... Nd7 $17 {um seine Figuren auf die starken Felder zu bringen: Läufer auf f6 und Springer auf e5.}) (15... Ba6 $17 {bestreicht eine wunderschöne Diagonale, erlaubt später sowohl ...c4 als auch das Manöver ...Sd7 nebst ...Lf6 und ...Se5.}) 16. Rc1 Rfe8 {[#]} 17. O-O $2 {[%mdl 32768] ***VERLUST*** Aus taktischen Gründen goutieren die Engines diesen natürlichen Zug nicht. Sie schlagen deshalb die künstliche Rochade mit 17.Kf2 vor. Die Absicht dahinter ist, die weissen Figuren umzugruppieren und den Läufer auf die Diagonale f1-a6 zu bringen. Das kann durch Se2-f4, dann Lf1 oder durch g4, Sg3 und Lf1 bewerkstelligt werden.} Rac8 $6 {Verpasst die taktische Bombe mit dem Springeropfer auf d5, allerdings verständlich, da viel zu tief versteckt.} ({Rems M-091224-avx2:} 17... Nxd5 $3 {-1.41(8%)/51} 18. exd5 Bf6 19. Bf2 Ba6 20. Re1 Bxb2 21. Rb1 Bf6 22. Bf1 h5 23. Qc2 Rab8 24. h3 g6 25. Kg2 Qb7 26. g4 b3 27. Qd2 b2 28. gxh5 Qb4 29. Qd1 Qb3 30. Ng3 Bxf1+ 31. Rxf1 c4 32. Ne4 Rxe4 33. fxe4 Qxd1 34. Rbxd1 c3 35. Rc1 Rb4 36. Kf3 Rxa4 37. Bg3 c2 38. Rxc2 Ra1 39. Rxb2 Rxf1+ 40. Kg2 Bxb2 41. Kxf1 Be5 42. Bxe5 dxe5 {[%eval -141,51] [%wdl 0,169,831]}) 18. Nf4 Rb8 $11 {Ein "mysteriöser" Turmzug, wobei die Unterstützung des einmal möglichen Vorstosses ...c4 aufgehoben wird.} 19. b3 Bd8 ({Rems M-091224-avx2:} 19... Ba6 20. Re1 Qd8 21. Nd3 Nd7 22. Bf1 Ra8 23. Nb2 Bxf1 24. Kxf1 Bf6 25. Nc4 Ne5 26. Kg2 Rc8 27. Re2 Nxc4 28. Rxc4 Qd7 29. Qd3 Bc3 30. h4 f6 31. Bd2 Bd4 32. Be3 {[%eval 0,57] [%wdl 20,960,20]}) ({Patricia 5.0:} 19... Qd8 20. Rf2 Nd7 21. Bf1 Bc8 22. Kg2 Ra8 23. Nh5 Ba6 24. Bxa6 Rxa6 25. h4 Ra8 26. Rfc2 Rb8 27. Qe2 Ne5 28. Nf4 h6 29. Nd3 Bf6 30. Nb2 Ng6 31. Nc4 Bc3 32. Qd3 Ne5 33. Nxe5 Rxe5 34. Bf4 Re8 35. Bd2 Be5 36. Be1 Qd7 37. Re2 Re7 38. f4 Bd4 39. Bf2 Bc3 40. e5 Ree8 41. exd6 Qxd6 42. Rd1 Bd4 43. Rxe8+ Rxe8 44. Bxd4 {[%eval -16,44]}) 20. Rf2 $6 {Nun gerät Weiss wieder in Nachteil. Mit 20.Te1 konnte das dynamische Gleichgewicht gewahrt werden.} g5 $1 {[#]} 21. Bh3 $2 {[%mdl 32768] ***VERLIERT*** Denn diesen Fehler vermag die weisse Stellung nicht mehr zu vertragen. Notwendig war der Springerrückzug nach h3.} ({Rems M-091224-avx2 Rand Op MPV=4} 21. Nh3 g4 22. fxg4 Nxd5 23. exd5 Rxe3 24. Rf4 Qe8 25. Nf2 Ba6 26. Re4 Rxe4 27. Nxe4 c4 28. Qe2 Qe5 29. h4 Ra8 30. bxc4 b3 31. Kh2 Bxh4 32. Qf2 b2 33. Rb1 Rb8 34. Qa7 Rb3 35. Qxa6 Re3 36. Qxd6 Bxg3+ 37. Kh1 Qxd6 38. Nxd6 Bxd6 39. c5 Bxc5 40. Rxb2 Re1+ 41. Kh2 Bd6+ 42. Kh3 Re3+ 43. Kh4 Kg7 44. Rb6 Bc7 45. Rc6 Bg3+ 46. Kh5 Re2 47. Bh3 Re5+ 48. g5 Rxd5 49. Kg4 Be1 50. Rc4 Bd2 51. Kf3 Re5 52. Bd7 Bxg5 53. Rc3 Bd2 54. Rb3 Bb4 55. Rd3 h5 {[%eval -82,42] [%wdl 1,668,331]}) 21... Qe7 {-+ (-2.53) (0%) Depth: 46/78} 22. Ng2 g4 23. fxg4 {Auch das leicht stärkere 23.Lxg4 vermag die Partie nicht mehr zu retten.} Nxe4 24. Rf5 Bc8 25. Rf1 Nc3 26. Qd2 h5 {Wirkungsvoller hätte 26...De4 gewonnen.} 27. Rf4 Ne4 28. Rxe4 {Erzwungen wegen der Drohung ...Sg5 und der Lh3 fällt.} Qxe4 29. Re1 Qg6 {Genauer ist 29...Dh7.} 30. gxh5 Qxh5 31. Nf4 Qh6 32. Bg2 Bf6 33. Qc1 Bc3 34. Re2 Bg4 {[#] Schwarz beherrscht das ganze Brett.} 35. Rf2 Qg5 36. h3 Qe7 37. Bd2 Bxd2 38. Rxd2 Qe1+ 39. Qxe1 Rxe1+ 40. Kf2 Rd1 41. Rb2 {Nach Turmtausch gehen auch noch die weissen Bauern b3 und a4 verloren.} Bf5 42. g4 Rb1 43. Rxb1 Bxb1 44. Bf1 f5 45. g5 Bc2 46. Bc4 Re8 {Ein menschlicher Gewinnweg bestand in 46...Lxb3 usw.} (46... Bxb3 47. Bxb3 c4 48. Bxc4 b3 49. Bd3 Rb4 $19) 47. Ne6 Kf7 48. Kg2 Bd1 49. h4 f4 $1 {Stark gespielt vom Scorpio 68000 sel. 4. Jetzt fällt die Entscheidung am Damenflügel, wo Weiss der gegnerischen Bauernwalze nichts mehr entgegenhalten kann.} 50. Kh3 (50. Nxf4 Re4 51. Kg3 Re3+ 52. Kg2 Bxb3 $19) 50... f3 51. Kg3 Be2 52. Bb5 (52. Bxe2 fxe2 53. Kf2 c4 54. Kxe2 cxb3 55. Kd2 Rc8 $19) 52... Bxb5 53. axb5 a4 54. Nc7 Rg8 55. bxa4 b3 56. b6 b2 57. Nb5 b1=Q 58. b7 {***AUFGEGEBEN***} 0-1

[Event "Match 81__120'/40"]
[Site "Zürich"]
[Date "2025.??.??"]
[Round "19"]
[White "Scorpio 68000 sel. 4"]
[Black "Fidelity Excel Mach III"]
[Result "1-0"]
[Annotator "Utzinger,K"]
[WhiteElo "2043"]
[BlackElo "2020"]
[PlyCount "66"]
[EventDate "2025.??.??"]

{[%evp 0,66,23,25,26,26,18,7,1,1,8,-39,-4,-40,-36,-40,-26,-37,-36,-26,-27,-46,-46,-53,-23,-41,-24,-19,-11,-3,87,-10,-7,-13,20,0,48,42,57,60,120,120,349,349,613,613,775,818,820,930,927,962,962,893,948,960,1013,1056,1057,1057,1112,1090,1102,1143,1157,1226,2041,1778,29989]} 1. e4 e5 {Match 120'/40 | Bediener: Rolf Bühler | Kommentator: Kurt Utzinger | 19. Partie: Weiss (Scorpio) gewinnt | Zwischenstand: 10-9 (52,6%) für Mach III | Stand hypothetisch: 11-8 (57,8%) für Scorpio | Eröffnung: Schottisch | Buchzüge: 5 von Scorpio; 4 von Mach III | Partieverlauf: Schon nach dem 5. Zug ist für beide Programme das Eröffnungsbuch zu Ende. Die nächsten vier hochklassigen Züge könnten der Grossmeisterpraxis entnommen worden sein. Dann beginnt der Mach III mit 11...Sh5? zu schwächeln und kommt nach dem weiteren Fehler 14...Sf6 in eine schwierige Stellung. Die schlechte Verteidigung 16...De7? bringt das Fass endgültig zum Überlaufen. Und mit einem fulminanten Angriff gegen die schwarze Königsstellung holt sich das Programm von David Kittinger den verdienten Sieg. Eine starke Leistung des Scorpio 68000 sel. 4, der damit seinen Matchrückstand auf einen Punkt verkürzen kann.} 2. Nf3 Nc6 3. d4 exd4 4. Nxd4 Bc5 {***ENDE BUCH*** Stockfish 17.1 Bewertung: = 0.19(52%)/48} 5. Nf5 {***ENDE BUCH*** Stockfish 17.1 Berwertung: -0.61(41%)/40} (5. Be3 {ist die meist gespielte Fortsetzung} Qf6 6. c3 Nge7 7. Bc4 $11) (5. Nb3 {ist eine gleichwertige Alternative} Bb6 6. Nc3 d6 {oder 6...Sf6 / 6...Df6 / 6...Sge7} 7. Bf4 Nf6 $11) 5... g6 6. Ne3 Nf6 7. Nc3 O-O 8. Bd3 Re8 9. O-O d6 (9... Ne5 10. Kh1 d6 11. Be2 Nc6 12. f3 Nd4 13. Bc4 a5 14. Ng4 Be6 15. Bg5 Nxg4 16. Bxd8 Ne3 17. Qc1 Bxc4 18. Qxe3 Nxc2 19. Qd2 Nxa1 20. Bf6 Re6 21. Rxa1 Rxf6 22. b3 Be6 23. Na4 Ba3 24. Qc3 Rf4 25. g3 Bb4 26. Qd3 Rf6 27. a3 b5 28. axb4 axb4 29. Kg2 bxa4 30. Qd4 Bxb3 31. Qxf6 a3 32. Qd4 c5 33. Qxd6 Rc8 34. Qd2 Be6 35. f4 h6 36. g4 Bxg4 37. f5 Re8 38. Qxh6 gxf5 39. h3 {1-0 (39) Timman,J (2610)-Smyslov,V (2600) Bugojno 1984 CBM 027 [Huebner,Robert]}) 10. Bd2 {Der erste nicht grossmeisterliche Zug. Natürlich kein Fehler, aber eben kein Meisterzug, hinter dem eine Absicht steckt. In Frage kamen drei Fortsetzungen:} (10. Kh1 {entfesselt den Se3, sollte Weiss f2-f4 spielen.} Ne5 11. Be2 c6 12. f4 $11) (10. Ned5 {öffnet dem Lc1 die Diagonale} Nxd5 11. Nxd5 $11) (10. h3 {Luftloch für den König und verwehrt den gegnerischen Figuren das Feld g4.} Bd7 11. a3 Ne5 12. f4 Nxd3 13. cxd3 $11) 10... Ne5 11. Qe2 {Besser war 11.Scd5, während zumindest nach dem Standard der Engines nun Schwarz in Vorteil kommt.} (11. Ncd5 Nxd5 12. Nxd5 {was mehr Harmonie in die weisse Stellung bringt.}) 11... Nh5 $2 {Schwach und nur -0.22 statt -1.55 nach 11...c6.} ({PROMENADE-bmi2:} 11... c6 {-1.55(7%)/49} 12. Na4 Bd4 13. Bc3 c5 14. Qd2 b5 15. Ba5 Qd7 16. Nc3 Bb7 17. a3 Nc4 18. Bxc4 bxc4 19. Rae1 Qc6 20. f3 Qa6 21. Ncd1 d5 22. Bc7 dxe4 23. c3 Qc6 24. Bf4 exf3 25. cxd4 cxd4 26. gxf3 dxe3 27. Nxe3 h5 28. Qd6 Qxd6 29. Bxd6 Ba6 30. Bg3 g5 31. h4 c3 32. Rf2 g4 33. bxc3 Rad8 34. c4 Rd3 35. Ng2 Rxe1+ 36. Nxe1 Rd1 37. Rb2 Bxc4 38. Kf2 Nd5 39. fxg4 hxg4 40. Be5 f6 41. Bb8 f5 42. Rc2 Bb5 43. Rc5 a6 {[%eval -155,48] [%wdl 0,135,865]}) 12. f4 {oder} (12. Nc4 Bg4 13. Qe1 Be6 14. Nxe5 dxe5 $11) 12... Bg4 $6 {Nun schwappt der Vorteil wieder an Weiss über. Besser war 12...Sg4 mit einer allerdings viel zu tiefen Variante.} (12... Ng4 13. Qf3 Nxh2 $1 14. Kxh2 Qh4+ 15. Kg1 Bg4 16. g3 (16. Qf2 $2 Ng3 $19) 16... Nxg3 17. Qg2 Bh3 18. Qh2 Qg4 19. Kf2 Qxf4+ 20. Ke1 Qh4 $11) 13. Qf2 Nxd3 14. cxd3 $16 Nf6 $2 {Deutlich schwächer als 14...c6.} 15. h3 Bd7 16. Rac1 {Verpasst das viel stärkere 16.f5.} {[#]} Qe7 $2 $18 {[%mdl 2] ***VERLUSTZUG*** Nur mt 16...b5 war noch Widerstand möglich.} 17. Kh1 {Gar stärker ist:} (17. f5 $1 Bd4 18. Ne2 Be5 19. Nc4 gxf5 20. Nxe5 dxe5 21. Qh4 $18) 17... c6 18. f5 $1 {Jetzt hat der Scorpio 68000 sel. 4 Blut gerochen} Rf8 19. Qh4 {Auch 19.Se2 gewinnt.} Rae8 20. Nc4 {Weiss trifft erneut den besten Zug.} b5 21. Bg5 Bd4 (21... bxc4 22. Bxf6 $18 {denn Schwarz müsste die Dame opfern, um das Matt auf g7 zu verhindern.}) 22. e5 $1 {Schneidet den Läufer von der Deckung des Sf6 ab.} Bxe5 23. Nxe5 Qxe5 24. Bxf6 {Die angegriffene Dame muss ziehen und hat wegen der Drohung Dh4-h6 und Matt im nächsten Zug nur eine Antwort.} Qe3 25. Rce1 Qd2 {Erzwungen, muss doch die Dame das Einbruchsfeld h6 schützen.} 26. Nb1 {Nimmt der schwarzen Dame das letzte Feld auf der Diagonale c1-h6.} Qxe1 {Erzwungen, weil alles andere noch ungünstiger ist.} 27. Rxe1 Rxe1+ 28. Qxe1 {Die Partie ist entschieden.} h6 29. fxg6 {Es gibt schon verschiedene Gewinnwege. Zum Matt hätte 29.Dh4 geführt.} (29. Qh4 Kh7 30. fxg6+ fxg6 31. Bc3 Kg8 32. Qe7 Rf7 33. Qd8+ Rf8 34. Qxd7 Rf1+ 35. Kh2 Kf8 36. Nd2 Rf4 37. Ne4 b4 38. Qg7+ Ke8 39. Bf6 Rxf6 40. Nxf6+ Kd8 41. Qd7#) 29... fxg6 30. Qe7 Rf7 31. Qxd6 Kh7 32. Bd4 g5 33. Qe5 Rf1+ {***AUFGEGEBEN***} 1-0

[Event "Match 81__120'/40"]
[Site "Zürich"]
[Date "2025.??.??"]
[Round "20"]
[White "Fidelity Excel Mach III"]
[Black "Scorpio 68000 sel. 4"]
[Result "1/2-1/2"]
[Annotator "Utzinger,K"]
[WhiteElo "2020"]
[BlackElo "2043"]
[PlyCount "201"]
[EventDate "2025.??.??"]

{[%evp 0,201,25,16,59,70,77,47,47,24,16,16,19,26,40,16,10,-3,-3,-23,-16,-35,-76,-69,-42,-42,19,-41,-7,-31,-15,-58,-48,-77,29,25,30,40,40,42,28,28,28,18,18,16,29,9,26,28,15,11,14,11,29,30,20,20,18,28,25,22,40,44,44,60,44,63,60,30,34,40,65,59,69,65,53,50,38,50,50,50,50,11,11,15,19,9,11,11,37,41,27,25,19,16,16,17,28,26,26,20,23,22,28,28,31,30,32,38,21,23,24,23,26,24,23,22,30,22,22,22,22,22,23,22,22,22,22,22,22,0,0,0,0,0,0,-11,-11,-11,-11,-11,-11,-11,-11,-11,-11,-11,-11,-11,-11,-11,-2,-11,-2,-3,-2,-2,-2,-2,-2,-2,-2,-2,0,-2,0,-2,-2,-2,0,-2,-2,-2,0,-2,0,-2,0,-2,0,0,0,-2,0,-2,0,-2,0,-2,0,-2,-2,-2,0,-2,0,0,0,0,0,-2,0,-2]} 1. e4 c6 {Match 120'/40 | Bediener: Rolf Bühler | Kommentator: Kurt Utzinger | 20. Partie: Remis | Zwischenstand: 10,5-9,5 (52,5%) für Mach III | Stand hypothetisch: 11,5-8,5 (57,5%) für Scorpio | Eröffnung: Caro Kann Verteidigung, Panow/Botvinnik Angriff | Buchzüge: 6 von Scorpio, 6 von Mach III | Partieverlauf: Einzig die Mittelspielphase gestaltet sich leicht komisch, weil es von der Stellung her nicht möglich ist, die fünf weissen (5) Damenzüge des Mach III zu bestrafen. Eine langzügige Abwicklung führt zu gleichem Spiel mit Damentausch. Der Kampf endet dann auch erwartungsgemäss mit Remis, wobei zu bemerken ist, dass beide Programme nicht einen einzigen schlimmen Fehler begangen haben.} 2. d4 d5 3. exd5 cxd5 4. c4 Nf6 5. Nc3 e6 6. Nf3 {***ENDE BUCH***} Bb4 {***ENDE BUCH*** Bewertung: = (0.14 ++) (52% +5% =93% -2%) Depth: 45/64} 7. Bd2 {Eine zahme Fortsetzung, aber nicht zu tadeln.} Nc6 8. cxd5 exd5 9. Qe2+ $6 {Ein unpassendes Schachgebot, das dem Läufer auf f1 den Ausgang versperrt, die Dame auf die offene e-Linie stellt, wo sie später durch ...Te8 angegriffen werden kann.} Be7 {Ich hätte 9...Le6 bevorzugt.} 10. Qe3 O-O 11. Bb5 Re8 12. O-O Bf5 13. Qg5 $6 {Verliert nach dem Rückzug des Läufers wieder ein Tempo, weil die in der Diagonale des Le7 stehende Dame unsicher steht.} Be6 {Auf g6 vermag der Läufer besser zu gefallen.} 14. Qf4 Bd6 15. Qg5 {Der fünfte Damenzug nach nur 15 Zügen. Kein Wunder, dass Schwarz nun bereits im Vorteil ist. Dass dieses Gehabe nicht zur Katastrophe führt, stellt hier eine zufällige Ausnahme dar.} a6 16. Bd3 Bg4 $6 {Richtig war 16...Dd7 mit Vorteil für Schwarz, was mit dem Textzug vergeben wird.} ({PROMENADE-bmi2:} 16... Qd7 17. Qh4 Bf5 18. Bxf5 Qxf5 19. Qg5 Qd7 20. Bf4 h6 21. Qh4 Be7 22. Rad1 Rac8 23. Bc1 b5 24. h3 Ne4 25. Qh5 Nb4 26. Ne5 Qe6 27. Nxe4 dxe4 28. Rfe1 Nd5 29. Rxe4 Nf6 30. d5 Nxd5 31. Ree1 Bb4 32. Bd2 Nf6 33. Qf3 Bxd2 34. Rxd2 Qxa2 35. Qb7 Qe6 36. Rde2 Rb8 37. Qa7 Ra8 38. Qc7 Rec8 39. Qb7 Qd5 40. Qxd5 Nxd5 41. Rd2 Nf6 42. Nd7 Nxd7 43. Rxd7 Rd8 44. Ree7 Rxd7 45. Rxd7 Rc8 46. g4 Rc6 47. Ra7 g6 48. Kg2 Kg7 49. f3 Rd6 50. Kg3 Kf6 51. h4 Ke6 {[%eval -61,44] [%wdl 3,798,199]}) 17. Nxd5 Bxf3 18. Nxf6+ Qxf6 19. Qxf6 gxf6 20. gxf3 Nxd4 21. Kg2 Rad8 $11 {[#] Der Sturm hat sich gelegt und es steht ausgeglichen, Bewertung} 22. Rad1 Be5 23. Rg1 Kh8 24. Be4 b6 25. Be3 f5 26. Bb7 f4 27. Bxd4 Bxd4 28. Bxa6 Bxb2 29. Bb5 Rg8+ 30. Kh3 Rxd1 31. Rxd1 Rg5 32. Bc4 Rh5+ 33. Kg2 Rg5+ 34. Kh1 Kg7 35. Rd7 Rf5 $11 {[#] Eine tote Remisstellung. Alle angreifbaren Bauern lassen sich stets leicht decken, wobei die ungleichfarbigen Läufer eine wichtige Rolle spielen. So passiert denn auch bis Partieende nichts Erwähnenswertes mehr.} 36. h4 b5 37. Bb3 h5 38. Kg2 Ba3 39. Be6 Rf6 40. Bd5 Rf5 41. Bb3 Kf8 42. Bc2 Re5 43. Bd3 Be7 44. Kh3 b4 45. Rd4 Re1 46. Rxf4 Rh1+ 47. Kg2 Rxh4 48. Re4 Ke8 49. Be2 Kd7 50. Rxh4 Bxh4 51. f4 f5 52. Bxh5 {Der weisse Mehrbauer ist wegen des Doppelbauern absolut belanglos.} Bf6 53. Be2 Bd4 54. Kg3 Ke6 55. Bc4+ Ke7 56. Bb5 Ke6 57. Bd3 Kf6 58. Ba6 Bc3 59. Bc4 Bd4 60. Bd5 Ke7 61. Bc6 Kd6 62. Ba4 Ke7 63. Bc2 Kf6 64. Bb3 Ke7 65. f3 Kf6 66. Bc4 Bc3 67. Kh4 Bd2 68. Kh5 Bxf4 69. Bb5 Bg3 70. Bd3 Be1 71. Bc4 Bg3 72. Ba6 Bf2 73. Bb5 Bg1 74. Be2 Be3 75. Bc4 Bg5 76. Bb5 Bf4 77. Bc6 Bg3 78. Bd7 Be1 79. Bb5 Bf2 80. Bc4 Bd4 81. Bb3 Be5 82. Ba4 Bd6 83. Bc2 Bg3 84. Bd3 Be5 85. Bc4 Bf4 86. Ba6 Bd6 87. Bb5 Bb8 88. Bc6 Bf4 89. Bb7 Bg5 90. Ba6 Bd2 91. Be2 Bc1 92. Bd3 Bb2 93. Bb5 Bd4 94. Bc4 Be5 95. Bd5 Bg3 96. Bb3 Bh2 97. Ba4 Be5 98. Kh4 Bf4 99. Bd7 Be3 100. Kh5 Bd4 101. Bb5 {***REMIS ABGEBROCHEN***} 1/2-1/2